| 000 | 00642nam a2200241 i 4500 | ||
|---|---|---|---|
| 001 | 57527 | ||
| 003 | ES-MaBCM | ||
| 005 | 20241016111914.0 | ||
| 008 | 871025s1983 esp 000 0 spa d | ||
| 021 | _axx | ||
| 035 | _a(OCoLC)1365120942 | ||
| 040 | _cES-MaBCM | ||
| 041 | 0 | _aspa | |
| 043 | _aesp | ||
| 080 | _a656(467.11)"1984/1988" | ||
| 110 | 2 |
_aTransportes Municipales de Barcelona _950592 |
|
| 245 | 1 | 0 |
_aPlan de empresa 1984/1988 _cTransports Municipals |
| 260 |
_aBarcelona : _bTransports Municipals, _c1983 |
||
| 300 |
_a286 p. _c30 cm |
||
| 650 | 7 |
_aTransporte urbano _960511 |
|
| 651 | 2 | 0 |
_aBarcelona _9117207 |
| 942 | _cBK | ||
| 999 |
_c57527 _d57527 |
||